| 000 | 00610nam a2200241 a 4500 | ||
|---|---|---|---|
| 001 | nice12345678 | ||
| 003 | IN_TiNIC | ||
| 005 | 20260116011256.0 | ||
| 008 | 050524s1961 bosa grp 000 0 eng | ||
| 020 |
_a _c117.6 |
||
| 082 | 0 | 0 |
_a270.8 _bUND |
| 100 | _aUnderwood, K W | ||
| 245 |
_aProtestant and Catholic _b Religious and Social Interaction in an Industrial |
||
| 260 |
_aBoston _bBeacon Press _c1961 |
||
| 300 | _a484p | ||
| 500 | _aincludes index and biblioraphy | ||
| 505 | 2 | _aIndex | |
| 650 | _aEcumenicalism | ||
| 700 | 1 | _aUnderwood, K W | |
| 902 | _bSRS | ||
| 942 | _cBK | ||
| 999 |
_c92 _d92 |
||